Schnelles Mathe-Quiz, nur ein kurzes Quiz 3 - Statistiken

Allgemein
  • Dieses Quiz wurde 83 mal gespielt
  • Das Durchschnittsergebnis liegt bei 18 aus 20
Antwortstatistiken
Hint Antwort % Korrekt
1 x 1 = 1
100%
10 x 10 = 100
100%
4 x 4 = 16
100%
5 x 5 = 25
100%
6 x 6 = 36
100%
2 x 2 = 4
100%
7 x 7 = 49
100%
8 x 8 = 64
100%
9 x 9 = 81
100%
3 x 3 = 9
100%
11 x 11 = 121
99%
12 x 12 = 144
90%
20 x 20 = 400
89%
13 x 13 = 169
83%
15 x 15 = 225
78%
14 x 14 = 196
76%
16 x 16 = 256
67%
17 x 17 = 289
65%
19 x 19 = 361
65%
18 x 18 = 324
64%
Keine übereinstimmenden Quizze gefunden
Verteilung der Resultate
Anzahl Personen mit jedem Resultat
Perzentil nach korrekt beantworteten Fragen
Ihre Resultats-Entwicklung
Sie haben dieses Quiz noch nicht gespielt